000 00956nam a2200265 u 4500
001 000025232
005 20200930023640.0
008 110209s1992 ag a r 000 | spa d
020 _a9688882739
040 _aDO-SdBNP
_bspa
_cBNPHU
041 1 7 _aspa
_heng
_2Código de idiomas MARC
082 _axxx
_bB877s
100 1 _aBrown, Lester R.
_941968
240 0 _aSaving the planet.
_lEspañol
245 1 3 _aLa salvación del planeta :
_bcómo desarrollar una economía global para el medio ambiente /
_cLester R. Brown, Christopher Flavin, Sandra Postel; traducción María Vidal Campos.
260 _aBuenos Aires :
_bSudamericana,
_c1992.
300 _a215 p. :
_bil. ;
_c22 cm.
500 _aIncluye índice de referencia
500 _aIncluye notas
534 _aTítulo original :
_tSaving the planet.
700 1 _aFlavin, Christopher
_948279
700 1 _aPostel, Sandra
_948280
700 1 _aVidal Campos, María,
_etr.
_951716
049 _aBNGR
999 _c24725
_d24725